| 000 | 00740nam a2200217 i 4500 | ||
|---|---|---|---|
| 001 | bgj | ||
| 245 | 0 | 0 |
_aFirst Certificate: First! : _bexamination practice : reading, writing, use of english : student's book / _cby Sophie Kingsley. |
| 260 |
_aNewbury : _bExpress Publishing, _c2001. |
||
| 300 |
_a112 pp : _bill. ; _c29 cm. |
||
| 650 | 9 |
_aEnglish language _xExaminations, questions, etc. |
|
| 650 | 9 |
_aEnglish language _xReading _xWriting _xUse of English |
|
| 650 | 9 |
_aFC _xFC practice tests |
|
| 650 | 9 |
_aFC _xFC reading _xFC writing _xFC use of English |
|
| 700 | 1 | _aKINGSLEY, Sophie | |
| 020 | _a1842169920 | ||
| 040 | _cBPK | ||
| 041 | 0 | _aeng | |
| 920 | _a1-84216-992-0 | ||
| 942 | _cKS | ||
| 008 | s uk f |000 0 eng | ||
| 999 |
_c48429 _d48429 |
||